000 00505nam a22001697a 4500
005 20251108170014.0
008 250721s1996 xx 000 0 ara d
082 1 4 _a629.8/عبد
100 1 _aعبد المتعال، أحمد
245 1 0 _aالتحكم النيوماتيكي و تطبيقاته /
264 1 _aالقاهرة :
_bدار توبقال،
_c1996.
300 _a242ص
650 1 7 _aالتحكم الآلي
650 1 7 _aمراقبة الإنتاج
942 _2ddc
_cBK
999 _c37185
_d37185